000 00564nam a2200229Ia 4500
003 OSt
005 20220924133144.0
006 a|||||r|||| 00| 0
007 ta
008 220923b |||||||| |||| 00| 0 san d
024 _a258313
037 _cTextual
040 _aARTS
_cARTS
_bsan
041 _2san
_asan
082 _aO15,1:g, L9
100 _aJoshi Rasik Vihari
_941367
245 0 _aSarasvatam
_b kavyam
260 _c1979
300 _a54p.
_ccm.
942 _hO15,1:g, L9
_cTEXL
_2CC
999 _c432761
_d432761